In their own words : (Record no. 844)

MARC details
000 -LEADER
fixed length control field 01441nam a22002657a 4500
005 - DATE AND TIME OF LATEST TRANSACTION
control field 20230804160842.0
020 ## - INTERNATIONAL STANDARD BOOK NUMBER
International Standard Book Number 9780439263191
040 ## - CATALOGING SOURCE
Original cataloging agency FISKH
Language of cataloging eng
Transcribing agency FISKH
Modifying agency FISKH
050 ## - LIBRARY OF CONGRESS CALL NUMBER
Classification number TK140.E3
082 ## - DEWEY DECIMAL CLASSIFICATION NUMBER
Classification number 509
100 ## - MAIN ENTRY--PERSONAL NAME
Personal name Sullivan, George.
Dates associated with a name 1927-
245 ## - TITLE STATEMENT
Title In their own words :
Remainder of title Thomas edison /
Statement of responsibility, etc. George Sullivan
250 ## - EDITION STATEMENT
Edition statement First printing, September 2001
260 ## - PUBLICATION, DISTRIBUTION, ETC.
Place of publication, distribution, etc. United States :
Name of publisher, distributor, etc. Scholastic,
Date of publication, distribution, etc. 2001.
300 ## - PHYSICAL DESCRIPTION
Extent 128 pages :
Other physical details illustrations ;
Dimensions 20 cm.
505 ## - FORMATTED CONTENTS NOTE
Formatted contents note R
520 ## - SUMMARY, ETC.
Summary, etc. In Their Own Words: Thomas Edison tells the exciting story of Edison's life using his laboratory notes, business records, and personal recollections. "I find out what the world needs. Then I go ahead and try to invent it." With these words, Thomas Edison explains how he developed ideas and turned them into useful inventions. Although he is most famous for inventing the lightbulb, Edison is credited with hundreds of inventions. The young boy who did poorly in school became one of the most famous men in America. This exciting new biography of Thomas Edison will enlighten, as well as entertain, elementary school kids.
521 ## - TARGET AUDIENCE NOTE
Target audience note 750 <br/>
Source Lexile <br/>
521 ## - TARGET AUDIENCE NOTE
Target audience note R <br/>
Source Raz-Plus <br/>
650 ## - SUBJECT ADDED ENTRY--TOPICAL TERM
Topical term or geographic name entry element Edison, Thomas,
Form subdivision 1847-1931
General subdivision Juvenile Literature.
650 ## - SUBJECT ADDED ENTRY--TOPICAL TERM
Source of heading or term Electric engineers
Topical term or geographic name entry element United States
Form subdivision Biography
General subdivision Juvenile Literature
942 ## - ADDED ENTRY ELEMENTS (KOHA)
Source of classification or shelving scheme Dewey Decimal Classification
Koha item type Books
Suppress in OPAC No
999 ## -
-- 844
-- 844
Holdings
Withdrawn status Lost status Source of classification or shelving scheme Damaged status Not for loan Collection Home library Current library Shelving location Date acquired Total Checkouts Full call number Barcode Date last seen Date last checked out Copy number Price effective from Koha item type
    Dewey Decimal Classification     Non-Fiction Footprints International School Library Network Toul Kork Campus Footprints International School Library Network Toul Kork Campus TK Primary Library Room(4th Floor), Bookcase 5&6, Shelves 33-56, Orange Books 07/11/2023 1 SUL 509 TK140.E3 FISTK04852 11/01/2023 08/09/2023 1 07/11/2023 Books
    Dewey Decimal Classification     Non-Fiction Footprints International School Library Network Toul Kork Campus Footprints International School Library Network Toul Kork Campus   01/16/2024   SUL 509 TK140.E3 FISSE01484 04/23/2025   2 07/11/2023 Books